| 000 | 00926nam a22001935i 4500 | ||
|---|---|---|---|
| 001 | 162571 | ||
| 003 | ES-MaACL | ||
| 005 | 20251220063022.0 | ||
| 008 | 020312s1879 sp |||| | spa d | ||
| 040 |
_aCAM _bspa _cCAM |
||
| 100 | 1 |
_aPrieto, Enrique, _dm. 1914 _9139960 |
|
| 245 | 1 | 3 |
_aLa cinta azul _b: juguete cómico en un acto y en prosa / _carreglado a la escena española por Enrique Prieto. |
| 260 |
_aMadrid : _b[s.n.], _c1879 ( _fImprenta de José Rodríguez) |
||
| 300 |
_a30 p. ; _c19 cm. |
||
| 500 | _aEn port.: Estrenado en el Teatro de Variedades la noche del 24 de setiembre de 1878. | ||
| 596 | _aAl v. de port. consta : "... Galería Lírico-Dramática titulada El Teatro..." | ||
| 852 |
_aES-MaACL _jF-8581(1) _z-- Enc. pasta española _q-- Falto de la cub. original _z-- Enc. en un vol. facticio formando parte de la col. facticia "Teatro español moderno", vol. 34 |
||
| 999 |
_c162571 _d162571 |
||